| 000 | 01171nam a2200337Ia 4500 | ||
|---|---|---|---|
| 001 | Z_6344 | ||
| 003 | CHAP | ||
| 005 | 20231010191235.0 | ||
| 008 | 220113s2012 xx 000 0 und d | ||
| 010 | _a169600 | ||
| 040 | _cCHAP | ||
| 090 | _aTesis M37 2231 | ||
| 100 |
_aMartínez Pérez, Fernando _972388 |
||
| 245 |
_aMastofauna y reptiles del trópico seco de Puebla / _cFernando Martínez Pérez |
||
| 260 |
_aMéxico : _bEl autor, _c2012 |
||
| 300 | _a114 p. | ||
| 502 | _aTesis ( Ingeniero Agrónomo Especialista en Zootecnia ) -- UACh, 2012 \ Dirección: Elvia López Pérez ; asesoría: Jorge Luis Castrellón Montelongo y Alejandra Herrera Corredor | ||
| 650 |
_aConservación _9144506 |
||
| 650 |
_aDiversidad _9144507 |
||
| 650 |
_aFauna _9144508 |
||
| 650 |
_aIxcamilpa, Puebla _9144509 |
||
| 700 |
_a Castrellón Montelongo, Jorge Luis, asesor _9143503 |
||
| 700 |
_a Herrera Corredor, Alejandra, asesor _9144510 |
||
| 700 |
_aLópez Pérez, Elvia, director _9144494 |
||
| 856 | 4 | 2 |
_uhttp://10.13.5.2/tesis/115491.pdf _yDescargar PDF |
| 901 | _aTESIS M37 2231 | ||
| 902 | _aM | ||
| 910 | _a2012 | ||
| 942 |
_c2 _2ddc |
||
| 942 |
_c2 _2ddc |
||
| 999 |
_c169600 _d169600 |
||